000 00440 a2200157 4500
020 _a0706999622
082 _a657.046
090 _c2361
_d2361
100 _aMaheshwari, S. N.
245 _aProblesm andd Solutitons in Advanced Accountancy Vol2
_cS. N. Maheshwari
250 _aFourth Revised Edition
260 _aNew Delhi
_bVikas Publishing House
_c1998
300 _a3.139p
500 _aPaper cover
942 _aNBS
_cBK
_k657.046 MAH
999 _c344859
_d344859